000 00848nam a2200253 i 4500
001 19096
003 ES-MaACL
005 20250603170557.0
007 t|
008 020527s1999 sp ||||1| spa d
020 _a84-87789-96-X
080 _a39(460)
080 _a001(460)"19"
100 1 _aAlcina Franch, José.
_919548
245 1 0 _aAntropólogos y disidentes
_b: una tradición tenue /
_cJosé Alcina Franch.
260 _aPalma de Mallorca :
_bBitzoc,
_c[1999]
300 _a122 p. ;
_c23 cm.
490 1 _aBiblioteca Bitzoc de literatura, declaraciones y ensayos ;
_v39
650 1 4 _aAntropólogos-
_zEspaña.
_99900
651 4 _aEspaña-
_xVida intelectual-
_yS.XX
_98529
830 0 _aBiblioteca Bitzoc de literatura, declaraciones y ensayos ;
_v39
_9180337
852 _aES-MaACL
_jL-25560
_bR.129849
999 _c19096
_d19096